000 00637nam a2200265 a 4500
003 AR-BaBNM
005 20251128205904.0
008 082120s2002 ||||||||||||||000 | spa||
020 _a84-254-1971-9
040 _cAR-BaBNM
100 1 _aBoeck, Jutta
245 0 0 _aY ahora Max..
250 _a1ยช ed.
260 _aBarcelona
_bHerder
_c1996
300 _bil.
650 4 _aEDUCACION SEXUAL
650 4 _aAMOR
650 4 _aRELACIONES INTERPERSONALES
650 4 _aRELACION PADRES-HIJOS
650 4 _aHERMANOS
653 _aTEMAS TRANSVERSALES
700 1 _aFelsmann, Ilka
_eilustrador
942 _cBK
998 _cCarmen
999 _c13167
_d13167